| 000 | 00768cam a2200265 4500 | ||
|---|---|---|---|
| 001 | |||
| 008 | 000000n2000 000 0 eng u | ||
| 020 | _a1860814344 | ||
| 035 | _a(Sirsi) u108872 | ||
| 050 | _a690 | ||
| 110 |
_aUnited Kingdom _bDepartment of the Environment, Transport and the Regions _93507 |
||
| 245 | _aSpecifying dwellings with enhanced sound insulation a guide | ||
| 260 |
_aLondon _bCRC Ltd _b2000 |
||
| 300 | _avi, 45p. ; 30cm. | ||
| 350 | _a15.00 | ||
| 490 |
_aBR _v406 |
||
| 650 | _aINSULATION | ||
| 650 | _aSOUND INSULATION | ||
| 650 |
_aEnvironment _96238 |
||
| 650 | _aNOISE POLLUTION | ||
| 650 | _aSOUND PROOFING | ||
| 690 | _aBUILT ENVIRONMENT-BUILDING MATERIALS | ||
| 710 | _aBuilding Research Establishment | ||
| 942 | _n0 | ||
| 999 |
_c100866 _d100866 |
||